LEADER 04519nam 2201069z- 450 001 9910557781603321 005 20220111 035 $a(CKB)5400000000045573 035 $a(oapen)https://directory.doabooks.org/handle/20.500.12854/76798 035 $a(oapen)doab76798 035 $a(EXLCZ)995400000000045573 100 $a20202201d2021 |y 0 101 0 $aeng 135 $aurmn|---annan 181 $ctxt$2rdacontent 182 $cc$2rdamedia 183 $acr$2rdacarrier 200 00$aMultimodal Therapy of Upper Gastrointestinal Malignancies 210 $aBasel, Switzerland$cMDPI - Multidisciplinary Digital Publishing Institute$d2021 215 $a1 online resource (272 p.) 311 08$a3-0365-0920-8 311 08$a3-0365-0921-6 330 $aRecent decades have seen remarkable advances in the treatment of upper gastrointestinal malignancies, i.e., adenocarcinoma and squamous cell carcinoma as well as gastrointestinal stromal and other rare tumors of the esophagus and stomach. While, historically, surgical resection has been the sole treatment for these tumors, multimodal therapies have meanwhile proven their efficacy. At present, pre- and postoperative chemotherapy and radiotherapy, targeted drug therapy, and stage-specific surgical approaches are all indispensable cornerstones of an individualized treatment for upper gastrointestinal malignancies. With such multimodal treatment, better outcomes comprising improved quality of life and prolonged survival have been achieved for patients. However, for many tumor entities and stages, the ideal combination and sequence of treatments is still being evaluated in clinical trials. Moreover, the value of novel approaches such as immunotherapy or robotic surgery remains a matter of research. In this Special Issue of Cancers, up-to-date original research, short communications, and comprehensive review articles on all modalities playing a role in the treatment of upper gastrointestinal malignancies have been published. 606 $aPublic health and preventive medicine$2bicssc 610 $aadjuvant therapy 610 $aBarrett's esophagus 610 $acancer dormancy 610 $achemo-radiotherapy 610 $aclinical pathways 610 $acomplications 610 $aconversion surgery 610 $adefinitive chemoradiotherapy 610 $aearly adenocarcinoma of esophagus 610 $aendoscopic mucosal resection 610 $aendoscopic submucosal dissection 610 $aesophageal anastomosis 610 $aesophageal cancer 610 $aesophageal squamous cell carcinoma 610 $aesophagectomy 610 $afailure to rescue 610 $agastrectomy 610 $agastric cancer 610 $agastric surgery 610 $agastric/gastroesophageal cancer 610 $agastro-esophageal reflux disease 610 $agastrointestinal stromal tumor 610 $agastrointestinal tract 610 $agenetic diagnosis 610 $agenetics 610 $aGIST 610 $aimatinib 610 $aimmunotherapy 610 $ainduction chemotherapy 610 $aLauren histotype 610 $alymph node ratio 610 $aMALT lymphoma 610 $aminimally invasive surgery 610 $amortality 610 $amucosal resection 610 $amultidisciplinary 610 $amultimodal treatment 610 $an/a 610 $aneoadjuvant chemoradiotherapy 610 $aneoadjuvant chemotherapy 610 $aneoadjuvant therapy 610 $aneoadjuvant treatment 610 $aneuroendocrine tumor 610 $anuclear receptor NR2F1 610 $anutritional status 610 $aoncological gastrectomy 610 $aorgan preservation 610 $aoutcome 610 $aoutcomes 610 $aoverall survival 610 $aperioperative chemotherapy 610 $aquality of care 610 $aradiosensitivity 610 $arelapse-free survival 610 $asarcopenia 610 $askeletal muscle index 610 $asquamous cell esophageal cancer 610 $astandardization 610 $astomach 610 $asubmucosal dissection 610 $asurvival 615 7$aPublic health and preventive medicine 700 $aRonellenfitsch$b Ulrich$4edt$01309877 702 $aRonellenfitsch$b Ulrich$4oth 906 $aBOOK 912 $a9910557781603321 996 $aMultimodal Therapy of Upper Gastrointestinal Malignancies$93029691 997 $aUNINA LEADER 02970oam 2200661 c 450 001 9910413343403321 005 20260302090207.0 010 $a3-8309-8983-0 024 3 $a9783830989837 035 $a(CKB)4930000000057096 035 $a(Waxmann)9783830989837 035 $a(oapen)https://directory.doabooks.org/handle/20.500.12854/44574 035 $a(oapen)doab44574 035 $a(EXLCZ)994930000000057096 100 $a20260302h20192018 uy 0 101 0 $aeng 135 $aurnnunnnannuu 181 $ctxt$2rdacontent 182 $cc$2rdamedia 183 $acr$2rdacarrier 200 10$aDealing with religious difference in kindergarten $eAn ethnographic study in religiously affiliated institutions /$fHelena Stockinger 205 $a1st, New ed. 210 $aMünster$cWaxmann$d2019 210 $d2019, c2018 215 $a1 online resource (258 p.) 225 0 $aReligious Diversity and Education in Europe$v38 311 08$a3-8309-3983-3 330 $aIn kindergartens children of different religions and with different religious attitudes meet, play and learn together. How do kindergartens deal with religious differences and how do children address this topic? The ethnographic study reported in this book explores this question in two kindergartens, one run by a Catholic, the other by an Islamic organization. The results illustrate how important it is to handle religious difference attentively. In order to reduce structural discrimination, the author considers how a culture of recognition can be developed, with religious difference being given the attention it requires. This book provides a valuable contribution to a difference-sensitive interaction in educational institutions. 330 1 $aThis insightful study is a delight to read as it opens up for us the voices of very young children about their experience and understanding of religious difference. ? Sandra Cullen, in: British Journal of Religious Education 42:1, pp. 106-108. 606 $afrühe Kindheit 606 $aReligion 606 $aKita 606 $aElementarbildung 606 $ainterreligiös 606 $areligiöse Diversität 606 $areligious diversity 606 $aRE 606 $aReligious Education 606 $aReligionspädagogik 606 $aSozialpädagogik und Pädagogik der frühen Kindheit 615 4$afrühe Kindheit 615 4$aReligion 615 4$aKita 615 4$aElementarbildung 615 4$ainterreligiös 615 4$areligiöse Diversität 615 4$areligious diversity 615 4$aRE 615 4$aReligious Education 615 4$aReligionspädagogik 615 4$aSozialpädagogik und Pädagogik der frühen Kindheit 700 $aStockinger$b Helena$4aut$01204643 801 0$bWaxmann 801 1$bWaxmann 906 $aBOOK 912 $a9910413343403321 996 $aDealing with religious difference in kindergarten$92780223 997 $aUNINA